000 00468nam a22001577a 4500
003 OSt
005 20221012183152.0
008 221012b |||||||| |||| 00| 0 eng d
040 _cBiblioteca Lado V
082 _a750
_bM986m
130 _aMuseo Rodante Artico
245 _aMuseo Rodante Artico/
260 _aSan Jose, Costa Rica
_bMinisterio de Cultura Juventud y Deportes
_c2002
300 _a55p.
_c23x21cm
942 _2ddc
_c1
_h708
_iM986m
_n0
999 _c2277
_d2277